[Event "C.to Regionale Veneto"]
[Site "Arqua' Petrarca ITA"]
[Date "2006.05.14"]
[Round "6"]
[White "Valentini, Paola"]
[Black "Fabrello, Alessandro"]
[Result "1-0"]
[WhiteElo "1986"]
[BlackElo "1560"]
[PlyCount "81"]
[EventDate "2006.05.06"]

1. c4 c6 2. Nc3 Nf6 3. g3 d5 4. cxd5 Nxd5 5. Bg2 Nxc3 6. bxc3 Bf5 7. e4 Bg6 8.
Ba3 Nd7 9. d4 Nf6 10. e5 Nd5 11. Ne2 b5 12. O-O b4 13. cxb4 e6 14. Qa4 Qb6 15.
Rac1 Rc8 16. Rfd1 Be7 17. b5 O-O 18. Bxe7 Nxe7 19. bxc6 Qc7 20. Nf4 Bf5 21. Nd3
Rfd8 22. Rc5 Rb8 23. Nb4 Qb6 24. c7 g6 25. cxd8=Q+ Rxd8 26. Nc6 Nxc6 27. Qxc6
Qb2 28. Qa4 Rb8 29. Qxa7 Rf8 30. Rc7 Qe2 31. Rdc1 Kg7 32. a4 h5 33. h4 g5 34.
hxg5 Qg4 35. R7c3 h4 36. gxh4 Qxh4 37. Qe7 Qxd4 38. Qf6+ Kg8 39. Rc4 Qd2 40. a5
Rd8 41. Rc8 1-0

[Event "XXVII Memorial Edoardo Crespi A"]
[Site "Milano ITA"]
[Date "2006.12.07"]
[Round "1"]
[White "Aranovitch, Emiliano"]
[Black "Salmoiraghi, Angelo"]
[Result "1-0"]
[WhiteElo "2278"]
[BlackElo "2035"]
[PlyCount "37"]
[EventDate "2006.12.07"]

1. e4 g6 2. d4 Bg7 3. Nc3 d6 4. Be3 a6 5. f4 Nf6 6. Nf3 c5 7. dxc5 Qa5 8. Qd2
Ng4 9. Bg1 Qb4 10. O-O-O Nd7 11. cxd6 Bxc3 12. Qxc3 Qxc3 13. bxc3 exd6 14. Rxd6
Ngf6 15. Nd2 Ke7 16. Rd4 b6 17. Bf2 Bb7 18. Bh4 Kf8 19. e5 1-0

[Event "XXVII Memorial Edoardo Crespi A"]
[Site "Milano ITA"]
[Date "2006.12.07"]
[Round "1"]
[White "Arboscelli, Gregorio"]
[Black "Bonade', Massimo"]
[Result "0-1"]
[WhiteElo "1923"]
[BlackElo "2097"]
[PlyCount "94"]
[EventDate "2006.12.07"]

1. Nf3 Nf6 2. d4 e6 3. c4 b6 4. a3 Bb7 5. Nc3 d5 6. Bg5 Be7 7. e3 O-O 8. Rc1 h6
9. Bh4 Nbd7 10. Bd3 Rc8 11. cxd5 exd5 12. O-O Ne4 13. Bxe7 Qxe7 14. Qe2 Ndf6
15. Ba6 c5 16. Bxb7 Qxb7 17. Rfd1 c4 18. Ne5 b5 19. f3 Nxc3 20. bxc3 Nd7 21.
Nxd7 Qxd7 22. Re1 Rc6 23. e4 Ra6 24. Ra1 Re8 25. e5 Ra4 26. f4 Rb8 27. Ra2 Rb6
28. g4 Rba6 29. Rea1 Qe7 30. f5 h5 31. Kh1 Kf8 32. Rb1 Rb6 33. Rb4 Qg5 34. Rxa4
bxa4 35. h3 hxg4 36. Qxg4 Qxg4 37. hxg4 Rb3 38. e6 fxe6 39. fxe6 Ke7 40. Re2
Rxc3 41. Re5 Rxa3 42. Rxd5 Kxe6 43. Rc5 c3 44. Kg1 Rb3 45. Kf1 a3 46. Ke2 a2
47. Ra5 c2 0-1

[Event "XXVII Memorial Edoardo Crespi A"]
[Site "Milano ITA"]
[Date "2006.12.07"]
[Round "1"]
[White "Barlocco, Carlo"]
[Black "Festa, Samuele"]
[Result "0-1"]
[WhiteElo "2198"]
[BlackElo "2017"]
[PlyCount "104"]
[EventDate "2006.12.07"]

1. d4 d5 2. c4 c6 3. Nf3 Nf6 4. g3 dxc4 5. Bg2 b5 6. b3 cxb3 7. Qxb3 e6 8. a4
b4 9. a5 Qd5 10. Nbd2 Ba6 11. Qc2 Nbd7 12. O-O Qb5 13. e4 Rc8 14. Re1 Be7 15.
e5 Nd5 16. Bf1 Qb7 17. Nc4 Bxc4 18. Bxc4 c5 19. Bg5 Nc3 20. Qd3 Qc7 21. Bxe7
Kxe7 22. d5 Nxd5 23. Bxd5 exd5 24. Qxd5 Qc6 25. Qb3 Qe6 26. Qe3 Rhe8 27. Rad1
Kf8 28. Qd3 Re7 29. Qxh7 Qh6 30. Qf5 Qe6 31. Qh5 Qh6 32. Qg4 Qe6 33. Qh4 Qh6
34. Qc4 Qh5 35. Qf4 Rce8 36. e6 Nf6 37. exf7 Rxe1+ 38. Rxe1 Rxe1+ 39. Nxe1 Qxf7
40. Nd3 Nd7 41. Qc7 Qd5 42. Nf4 Qd1+ 43. Kg2 b3 44. Ne6+ Ke7 45. Nxc5 Qd5+ 46.
Kh3 Qxc5 47. Qb7 Qf5+ 48. Kg2 Qc2 49. Qxa7 Qe4+ 50. f3 Qe2+ 51. Kh3 b2 52. Qb7
Qf1+ 0-1

[Event "XXVII Memorial Edoardo Crespi A"]
[Site "Milano ITA"]
[Date "2006.12.07"]
[Round "1"]
[White "Bisignano, Giuseppe"]
[Black "Frigieri, Fabrizio"]
[Result "1-0"]
[WhiteElo "1921"]
[BlackElo "2088"]
[PlyCount "105"]
[EventDate "2006.12.07"]

1. e4 c5 2. Nf3 Nc6 3. d4 cxd4 4. Nxd4 Nf6 5. Nc3 d6 6. Bc4 e6 7. Bb3 a6 8. O-O
Na5 9. Be3 b5 10. Rc1 Be7 11. Re1 O-O 12. a3 Bb7 13. Bg5 Nxb3 14. cxb3 Rc8 15.
Qd3 Rc5 16. Nf3 Qb8 17. Be3 Rcc8 18. Bd4 Rfd8 19. Qe3 Qa8 20. Bb6 Re8 21. Rcd1
Nd7 22. Ba5 Nc5 23. b4 Nd7 24. Nd4 Ne5 25. b3 Nc6 26. Bb6 Nxd4 27. Bxd4 Rc6 28.
a4 bxa4 29. Nxa4 Rc7 30. f3 d5 31. Bc5 dxe4 32. fxe4 Bh4 33. Rf1 e5 34. Nb6 Qb8
35. Bd6 Qd8 36. Bxc7 Qxc7 37. Rd7 Qc6 38. Rfxf7 Qxe4 39. Rxg7+ Kh8 40. Qxe4
Bxe4 41. Rg4 Bf5 42. Rxh4 Bxd7 43. Nxd7 Re7 44. Nc5 Kg7 45. Kf2 Kg6 46. Nxa6
Kg5 47. Re4 Ra7 48. Rxe5+ Kf6 49. Ra5 Rd7 50. Nc5 Rd2+ 51. Kf3 Rc2 52. Ne4+ Ke7
53. b5 1-0

[Event "XXVII Memorial Edoardo Crespi A"]
[Site "Milano ITA"]
[Date "2006.12.07"]
[Round "1"]
[White "Bozzali, Ermanno"]
[Black "Isella, Lorenzo"]
[Result "1-0"]
[WhiteElo "2099"]
[BlackElo "1931"]
[PlyCount "43"]
[EventDate "2006.12.07"]

1. Nf3 Nf6 2. c4 c6 3. d4 d5 4. Nc3 e6 5. e3 Bd6 6. Qc2 Nbd7 7. g4 h6 8. g5
hxg5 9. Nxg5 Rxh2 10. Rxh2 Bxh2 11. f4 Bg3+ 12. Kd1 Bh4 13. Nf3 Ne4 14. Nxe4
dxe4 15. Qxe4 Be7 16. Qh7 Bf8 17. Bd2 Qb6 18. b4 Nf6 19. Qc2 Bd7 20. Ne5 Rd8
21. Bd3 Bc8 22. Bg6 1-0

[Event "XXVII Memorial Edoardo Crespi A"]
[Site "Milano ITA"]
[Date "2006.12.07"]
[Round "1"]
[White "Brugo, Marco"]
[Black "Romano', Fabio"]
[Result "1-0"]
[WhiteElo "2091"]
[BlackElo "1922"]
[PlyCount "93"]
[EventDate "2006.12.07"]

1. d4 Nf6 2. c4 g6 3. Nc3 d5 4. cxd5 Nxd5 5. e4 Nxc3 6. bxc3 c5 7. Bc4 Bg7 8.
Ne2 cxd4 9. cxd4 Nc6 10. Be3 Qa5+ 11. Bd2 Qh5 12. Bc3 Qg4 13. Ng3 Qxd1+ 14.
Rxd1 O-O 15. O-O Rd8 16. Ne2 b6 17. d5 Ne5 18. Bb5 Bd7 19. Bxd7 Rxd7 20. f4 Nc4
21. Bxg7 Kxg7 22. Rd4 Rc8 23. Rc1 Rdc7 24. Rd3 Nd6 25. Rdc3 Nb5 26. Rxc7 Rxc7
27. Rxc7 Nxc7 28. Kf2 Kf8 29. Ke3 Ke8 30. Nd4 Kd7 31. Nc6 a6 32. Ne5+ Ke8 33.
Nc4 Na8 34. Kd4 f6 35. g4 h6 36. h4 g5 37. fxg5 hxg5 38. h5 Kf7 39. d6 exd6 40.
Nxd6+ Kg7 41. Kd5 Nc7+ 42. Kc6 Ne6 43. Kxb6 Nf4 44. Kxa6 Nd3 45. Kb5 Nf2 46. a4
Nxg4 47. a5 1-0

[Event "XXVII Memorial Edoardo Crespi A"]
[Site "Milano ITA"]
[Date "2006.12.07"]
[Round "1"]
[White "Cardani, Roberto"]
[Black "Vincenzi, Marco"]
[Result "0-1"]
[WhiteElo "1903"]
[BlackElo "2065"]
[PlyCount "90"]
[EventDate "2006.12.07"]

1. e4 c5 2. Nf3 d6 3. d4 cxd4 4. Nxd4 Nf6 5. Nc3 g6 6. Be3 Bg7 7. f3 O-O 8. Qd2
Nc6 9. Bc4 Bd7 10. O-O-O Rb8 11. h4 b5 12. Bb3 Na5 13. Bh6 Nc4 14. Bxc4 bxc4
15. Bxg7 Kxg7 16. h5 Qb6 17. Qe3 Rh8 18. h6+ Kf8 19. e5 dxe5 20. Qxe5 Rg8 21.
Rhe1 Qxb2+ 22. Kd2 Re8 23. Nd5 Nxd5 24. Qxd5 Qb4+ 25. Ke2 Qd6 26. Qxc4 Qh2 27.
Kf2 Qxh6 28. Rh1 Qg5 29. Rxh7 Qf6 30. Qc7 Bf5 31. Nc6 g5 32. Rd8 Bxh7 33. Rxe8+
Kg7 34. Rxe7 Bxc2 35. Ne5 Bg6 36. Qxa7 Rc8 37. Nxg6 Kxg6 38. Re2 g4 39. Kg3
Qd6+ 40. f4 Rc3+ 41. Re3 Rc4 42. Re5 Qd3+ 43. Qe3 Qc2 44. Rg5+ Kh6 45. Rxg4 Rc3
0-1

[Event "XXVII Memorial Edoardo Crespi A"]
[Site "Milano ITA"]
[Date "2006.12.07"]
[Round "1"]
[White "Colica, Daniele"]
[Black "Mastroddi, Emiliano"]
[Result "0-1"]
[WhiteElo "1907"]
[BlackElo "2074"]
[PlyCount "108"]
[EventDate "2006.12.07"]

1. Nf3 Nf6 2. d4 d5 3. e3 Bf5 4. c4 c6 5. Nc3 e6 6. cxd5 exd5 7. Be2 Bd6 8. O-O
Nbd7 9. b3 O-O 10. Bb2 Ne4 11. Nxe4 Bxe4 12. Nd2 Bg6 13. f4 f6 14. f5 Bf7 15.
e4 Qc7 16. g3 Rfe8 17. Bf3 dxe4 18. Nxe4 Bf8 19. Bc1 Qa5 20. Nd2 Qc3 21. Rb1
Qxd4+ 22. Kh1 Ne5 23. Bb2 Qd7 24. Qc2 Nxf3 25. Nxf3 Bd5 26. Rbd1 Rad8 27. Kg1
Qc8 28. Nd4 b6 29. Ne6 Bxe6 30. Rxd8 Rxd8 31. fxe6 Bc5+ 32. Kg2 Qxe6 33. Rf4
Re8 34. Rc4 Qe2+ 35. Kh3 Qxc2 36. Rxc2 Re6 37. a3 a5 38. Rc4 Re2 39. b4 axb4
40. axb4 Rxb2 41. bxc5 bxc5 42. Rxc5 Rb6 43. Kg4 Kf7 44. Kf3 Ke6 45. Ke4 Kd6
46. Rc1 Rb4+ 47. Kd3 Rb2 48. Kc4 Rxh2 49. Rd1+ Kc7 50. Re1 g6 51. Re6 f5 52.
Kc5 Kd7 53. Rf6 Rc2+ 54. Kb4 Ke7 0-1

[Event "XXVII Memorial Edoardo Crespi A"]
[Site "Milano ITA"]
[Date "2006.12.07"]
[Round "1"]
[White "Didoni, Renato"]
[Black "Villalba, Fernando"]
[Result "1-0"]
[WhiteElo "2076"]
[BlackElo "1911"]
[PlyCount "155"]
[EventDate "2006.12.07"]

1. Nf3 d5 2. d4 Nf6 3. Nc3 g6 4. e3 Bg7 5. Bd3 O-O 6. Bd2 c6 7. Ne2 Nbd7 8. c3
Qc7 9. Qc2 e5 10. dxe5 Nxe5 11. Nxe5 Qxe5 12. Nd4 c5 13. Nf3 Qd6 14. Rd1 c4 15.
Be2 b6 16. Bc1 Qc7 17. O-O Bb7 18. Nd4 Ne4 19. f3 Nc5 20. Rfe1 Be5 21. f4 Bg7
22. Bf3 Nd3 23. Rf1 Qe7 24. Qd2 Rfe8 25. Nc2 Rad8 26. Be2 Nc5 27. Nd4 Ne4 28.
Qc2 f5 29. Qa4 a6 30. Rf3 Qc7 31. Rh3 b5 32. Qc2 Qe7 33. Rf1 Nf6 34. Qd1 h5 35.
Rg3 Qf7 36. Qc2 Ne4 37. Rh3 Rb8 38. a3 Nf6 39. Bf3 Ng4 40. Bd1 Re7 41. Rg3 Rbe8
42. Bxg4 hxg4 43. h3 gxh3 44. Rxh3 Bxd4 45. cxd4 Qf6 46. Qf2 Rh7 47. Rg3 Rh6
48. Rg5 Kg7 49. Qd2 Reh8 50. Rf3 Qe6 51. Rfg3 Qe4 52. Qa5 Re8 53. Qb6 Re6 54.
Qxb7+ Re7 55. Qxa6 Re6 56. Qa5 Re7 57. Qd8 Rf7 58. Qd6 Rf6 59. Qb4 Qd3 60. Qd2
Qe4 61. Qf2 Qb1 62. Qf1 Qe4 63. Bd2 Rf8 64. Kf2 Rfh8 65. Qe2 Re8 66. Rf3 Rh1
67. Bc3 Qb1 68. Be1 Qe4 69. Rh3 Rxh3 70. gxh3 Qh1 71. Qf3 Qxf3+ 72. Kxf3 Kf6
73. h4 Rd8 74. h5 gxh5 75. Rxh5 Kg6 76. Rg5+ Kf6 77. Bh4 Rh8 78. Rh5+ 1-0

[Event "XXVII Memorial Edoardo Crespi A"]
[Site "Milano ITA"]
[Date "2006.12.07"]
[Round "1"]
[White "Gabetto, Flaviano"]
[Black "Virzi, Ettore"]
[Result "1-0"]
[WhiteElo "2121"]
[BlackElo "1967"]
[PlyCount "43"]
[EventDate "2006.12.07"]

1. e4 e5 2. f4 Nf6 3. fxe5 Nxe4 4. Nf3 d5 5. d3 Nc5 6. d4 Ne4 7. c4 c5 8. cxd5
Qxd5 9. Nc3 Nxc3 10. bxc3 Be7 11. Be2 cxd4 12. cxd4 Nc6 13. O-O O-O 14. Bb2 Be6
15. Kh1 Rfd8 16. a3 f6 17. Qa4 fxe5 18. dxe5 Qb3 19. Qxb3 Bxb3 20. Rac1 Rd5 21.
Rc3 Ba2 22. Ra1 1-0

[Event "XXVII Memorial Edoardo Crespi A"]
[Site "Milano ITA"]
[Date "2006.12.07"]
[Round "1"]
[White "Galli, Fabio"]
[Black "Di Paola, Antonio"]
[Result "1/2-1/2"]
[WhiteElo "2066"]
[BlackElo "1906"]
[PlyCount "64"]
[EventDate "2006.12.07"]

1. e4 c6 2. d4 d5 3. exd5 cxd5 4. Bd3 Nf6 5. c3 Nc6 6. f4 g6 7. Qc2 Bh6 8. Nf3
Nh5 9. g3 Bh3 10. Ne5 Nxe5 11. fxe5 Bxc1 12. Qxc1 Qb6 13. Nd2 O-O 14. Bf1 Bf5
15. Be2 Ng7 16. O-O f6 17. Nf3 Be4 18. exf6 exf6 19. Qd2 Rae8 20. b3 Nf5 21.
Rae1 Qd6 22. g4 Ng3 23. Rf2 Nxe2+ 24. Rexe2 Qd7 25. Qf4 Bxf3 26. Qxf3 Rxe2 27.
Rxe2 Kg7 28. Kg2 Re8 29. Rxe8 Qxe8 30. Qxd5 Qe2+ 31. Kg3 Qe1+ 32. Kg2 Qe2+
1/2-1/2

[Event "XXVII Memorial Edoardo Crespi A"]
[Site "Milano ITA"]
[Date "2006.12.07"]
[Round "1"]
[White "Giannetta, Paolo"]
[Black "Barberi, Alessandro"]
[Result "0-1"]
[WhiteElo "1980"]
[BlackElo "2147"]
[PlyCount "52"]
[EventDate "2006.12.07"]

1. d4 g6 2. e4 Bg7 3. Nc3 d6 4. Bg5 Nd7 5. f4 c5 6. d5 Qa5 7. Qd2 a6 8. Nf3 b5
9. e5 dxe5 10. d6 e4 11. Ne5 Nxe5 12. fxe5 Bxe5 13. dxe7 f6 14. O-O-O Nxe7 15.
Be3 b4 16. Na4 Be6 17. b3 c4 18. Bxc4 Bxc4 19. Qd7+ Kf7 20. Bc5 Rhe8 21. Bxe7
Rxe7 22. Qc6 Bd3 23. Rxd3 exd3 24. Qxa8 Bf4+ 25. Kb1 dxc2+ 26. Kxc2 Qf5+ 0-1

[Event "XXVII Memorial Edoardo Crespi A"]
[Site "Milano ITA"]
[Date "2006.12.07"]
[Round "1"]
[White "Johansson, Alexander"]
[Black "Pace, Pietro Dario"]
[Result "1-0"]
[WhiteElo "2021"]
[BlackElo "2233"]
[PlyCount "55"]
[EventDate "2006.12.07"]

1. d4 d5 2. Nf3 Nf6 3. g3 g6 4. Bg2 Bg7 5. O-O O-O 6. c4 c6 7. Nc3 b6 8. cxd5
cxd5 9. Ne5 Bb7 10. Qb3 Nc6 11. Rd1 Na5 12. Qa4 Rc8 13. Bg5 a6 14. Rac1 h6 15.
Bxf6 exf6 16. Nd3 Rc4 17. b4 Rxd4 18. e3 Rc4 19. Nb2 Rg4 20. Nxd5 f5 21. h3
Bxb2 22. hxg4 Bxc1 23. bxa5 b5 24. Qb4 Bxd5 25. Bxd5 Qc7 26. gxf5 Kg7 27. f6+
Kxf6 28. Qxf8 1-0

[Event "XXVII Memorial Edoardo Crespi A"]
[Site "Milano ITA"]
[Date "2006.12.07"]
[Round "1"]
[White "Magrini, Fabrizio"]
[Black "Cavatorta, Fosco"]
[Result "1-0"]
[WhiteElo "2141"]
[BlackElo "1976"]
[PlyCount "59"]
[EventDate "2006.12.07"]

1. e4 d6 2. d4 Nf6 3. Nc3 g6 4. f4 Bg7 5. Nf3 c5 6. e5 Nfd7 7. Bc4 Nb6 8. Bb5+
Bd7 9. dxc5 dxc5 10. Be3 Qc7 11. Qe2 O-O 12. O-O-O a6 13. Bxd7 N8xd7 14. h4
Rfd8 15. h5 Nf8 16. Ne4 Rxd1+ 17. Rxd1 Nbd7 18. Nfg5 h6 19. hxg6 Nxg6 20. Nxf7
Kxf7 21. e6+ Kg8 22. exd7 Nxf4 23. d8=Q+ Rxd8 24. Rxd8+ Qxd8 25. Bxf4 Qd4 26.
c3 Qd5 27. Kb1 Qf5 28. Bc1 b5 29. Qf3 Qd5 30. Nf6+ 1-0

[Event "XXVII Memorial Edoardo Crespi A"]
[Site "Milano ITA"]
[Date "2006.12.07"]
[Round "1"]
[White "Nessi, Silvio"]
[Black "Nannelli, Paolo"]
[Result "0-1"]
[WhiteElo "2012"]
[BlackElo "2182"]
[PlyCount "120"]
[EventDate "2006.12.07"]

1. d4 e6 2. c4 d5 3. Nc3 Be7 4. cxd5 exd5 5. Nf3 Nf6 6. Bg5 c6 7. e3 Bf5 8. Qb3
Qb6 9. Ne5 Qxb3 10. axb3 Nbd7 11. Bd3 Bxd3 12. Nxd3 O-O 13. O-O Bd6 14. Bf4
Bxf4 15. Nxf4 Rfe8 16. Nd3 Ne4 17. Nxe4 Rxe4 18. Ra4 a6 19. Rd1 Re7 20. g3 Nf6
21. Nc5 Ne8 22. Kg2 Nd6 23. Rc1 g5 24. Raa1 Rae8 25. Rc2 f6 26. h3 h5 27. Rg1
Nf5 28. Rc3 h4 29. g4 Nd6 30. Rcc1 Ne4 31. Nxe4 Rxe4 32. Kf3 Kf7 33. Rg2 R8e6
34. Rd1 Ke7 35. Ke2 Kd6 36. Kd3 c5 37. dxc5+ Kxc5 38. Rc1+ Kd6 39. Rgg1 Rb4 40.
Rc3 d4 41. exd4 b6 42. Rd1 Kd5 43. Kc2 Re2+ 44. Rd2 Rxd2+ 45. Kxd2 Rxd4+ 46.
Ke2 Rb4 47. Kd3 a5 48. Ke3 Ke5 49. Rd3 Re4+ 50. Kf3 Rd4 51. Rc3 Rd2 52. Re3+
Kd5 53. b4 axb4 54. b3 Rc2 55. Rd3+ Kc5 56. Ke3 Rc3 57. Rxc3+ bxc3 58. Kd3 f5
59. gxf5 g4 60. f6 Kd6 0-1

[Event "XXVII Memorial Edoardo Crespi A"]
[Site "Milano ITA"]
[Date "2006.12.07"]
[Round "1"]
[White "Oteri, Aldo"]
[Black "Crippa, Gabriele"]
[Result "1-0"]
[WhiteElo "1954"]
[BlackElo "2116"]
[PlyCount "59"]
[EventDate "2006.12.07"]

1. e4 d6 2. d4 e5 3. Nf3 Nf6 4. dxe5 Nxe4 5. Bc4 c6 6. O-O d5 7. Qe2 Bg4 8. h3
Bh5 9. Bd3 Nc5 10. Be3 Ne6 11. c3 Nd7 12. g4 Bg6 13. Bf5 Bc5 14. b4 Bxe3 15.
Qxe3 h5 16. Bxe6 fxe6 17. Ng5 hxg4 18. hxg4 Qe7 19. Nd2 Rh4 20. Qg3 Qxg5 21.
Nf3 Rh1+ 22. Kxh1 Be4 23. Rae1 O-O-O 24. Kg1 Qh6 25. Nh2 Qd2 26. a4 Rh8 27. f4
Bd3 28. Rd1 Rxh2 29. Rxd2 Rxd2 30. Qe3 1-0

[Event "XXVII Memorial Edoardo Crespi A"]
[Site "Milano ITA"]
[Date "2006.12.07"]
[Round "1"]
[White "Pasquotto, Mirko"]
[Black "Bonazzi, Edoardo"]
[Result "0-1"]
[WhiteElo "1978"]
[BlackElo "2142"]
[PlyCount "88"]
[EventDate "2006.12.07"]

1. e4 c6 2. d4 d5 3. Nc3 dxe4 4. Nxe4 Bf5 5. Ng3 Bg6 6. h4 h6 7. Nf3 Nd7 8. h5
Bh7 9. Bd3 Bxd3 10. Qxd3 e6 11. Bf4 Qa5+ 12. Bd2 Qc7 13. O-O-O Ngf6 14. Kb1
O-O-O 15. Qe2 Bd6 16. Ne4 Nxe4 17. Qxe4 Rhe8 18. c4 c5 19. Bc3 Nf6 20. Qe2 cxd4
21. Nxd4 a6 22. Nb3 Qc6 23. c5 Bc7 24. Bxf6 gxf6 25. g3 Rg8 26. Qe3 Rg5 27.
Rxd8+ Bxd8 28. Rh4 f5 29. Qc3 Rg4 30. Rxg4 fxg4 31. a3 Qd5 32. Nd2 Kb8 33. b4
Bg5 34. Nc4 Qf5+ 35. Qc2 Qf3 36. Qb2 Bf6 37. Qc2 Bd4 38. a4 Qxf2 39. Qxf2 Bxf2
40. Ne5 f5 41. Nf7 Bxg3 42. Nxh6 Bf4 43. Nf7 g3 44. h6 Bxh6 0-1

[Event "XXVII Memorial Edoardo Crespi A"]
[Site "Milano ITA"]
[Date "2006.12.07"]
[Round "1"]
[White "Piantoni, Pierino"]
[Black "Facchetti, Gianni"]
[Result "0-1"]
[WhiteElo "1973"]
[BlackElo "2121"]
[PlyCount "160"]
[EventDate "2006.12.07"]

1. c4 Nf6 2. g3 e5 3. Bg2 d6 4. Nc3 Be7 5. d3 c6 6. Nf3 Nbd7 7. O-O Qc7 8. Bd2
Nf8 9. Rc1 Ng6 10. Qb3 O-O 11. d4 Bg4 12. Be3 h6 13. Nd2 Rfe8 14. f4 exf4 15.
Bxf4 Nxf4 16. Rxf4 Qd7 17. Rcf1 Rf8 18. Nde4 Nxe4 19. Bxe4 Bg5 20. Bf5 Bxf5 21.
Rxf5 Be3+ 22. Kg2 Bxd4 23. Ne4 Qe6 24. Qf3 Rae8 25. Rf4 Bxb2 26. c5 Be5 27.
Nxd6 Bxf4 28. Nxe8 Rxe8 29. gxf4 Qxe2+ 30. Rf2 Qxf3+ 31. Kxf3 Re7 32. Rd2 f5
33. h4 Kf7 34. Rd6 Ke8 35. Rd2 Rd7 36. Re2+ Kd8 37. Re5 Rd3+ 38. Ke2 Rd5 39.
Re6 Rd7 40. Kf3 Rf7 41. Rg6 Kc7 42. Ke3 Rd7 43. Re6 b6 44. Re5 Rf7 45. Kd4 Kb7
46. h5 Ka6 47. Kc4 Ka5 48. cxb6+ Kxb6 49. Rc5 Kc7 50. a4 Kd6 51. a5 a6 52. Kd4
Rb7 53. Rxf5 Rb5 54. Rf7 Rxa5 55. Rxg7 Rxh5 56. Rg6+ Kd7 57. Ke4 a5 58. f5 a4
59. Ke5 Rh1 60. Rg7+ Ke8 61. Ra7 Ra1 62. Kf6 a3 63. Re7+ Kd8 64. Ra7 a2 65. Kf7
h5 66. f6 h4 67. Ra8+ Kd7 68. Kf8 Rf1 69. Rxa2 Rxf6+ 70. Kg7 Rf4 71. Rd2+ Ke6
72. Kg6 c5 73. Kg5 Rd4 74. Rh2 c4 75. Re2+ Kd5 76. Kf5 c3 77. Re5+ Kc4 78. Re3
c2 79. Re8 Kd3 80. Rc8 Rc4 0-1

[Event "XXVII Memorial Edoardo Crespi A"]
[Site "Milano ITA"]
[Date "2006.12.07"]
[Round "1"]
[White "Raineri, Valerio"]
[Black "Vignoli, Matteo"]
[Result "0-1"]
[WhiteElo "2129"]
[BlackElo "1975"]
[PlyCount "132"]
[EventDate "2006.12.07"]

1. e4 e5 2. Nf3 Nc6 3. Bb5 a6 4. Ba4 Nf6 5. d3 b5 6. Bb3 Be7 7. c3 d6 8. Nbd2
Na5 9. Bc2 c5 10. Nf1 Nc6 11. Ng3 O-O 12. O-O h6 13. Qe2 Nh7 14. Ne1 Bg5 15. f4
Bxf4 16. Bxf4 exf4 17. Rxf4 Qg5 18. Rf2 Be6 19. Nf3 Qe7 20. Nd2 g6 21. Ndf1 b4
22. Ne3 bxc3 23. bxc3 Rab8 24. Ba4 Rb6 25. Bxc6 Rxc6 26. Rb1 Qa7 27. Qb2 Rcc8
28. Qb7 Qxb7 29. Rxb7 Rb8 30. Rbb2 Kg7 31. d4 cxd4 32. cxd4 Nf6 33. h3 h5 34.
h4 Ng4 35. Nxg4 Bxg4 36. Nf1 a5 37. Ne3 Rxb2 38. Rxb2 Re8 39. Nxg4 hxg4 40. Rb6
Rxe4 41. Rxd6 g3 42. Kf1 Rxh4 43. Ra6 Rf4+ 44. Ke1 Rf5 45. a4 Rf2 46. Rxa5 Rxg2
47. Rg5 Kf6 48. Re5 Ra2 49. Kf1 Rxa4 50. Re3 Rxd4 51. Rxg3 Rd2 52. Rf3+ Kg7 53.
Ra3 Rb2 54. Kg1 g5 55. Kh1 Kg6 56. Ra8 f6 57. Rc8 g4 58. Ra8 Kg5 59. Ra5+ f5
60. Ra8 g3 61. Rf8 Ra2 62. Rf7 Kg4 63. Rf8 f4 64. Rb8 Kf3 65. Rb3+ Kf2 66. Rxg3
Ra1+ 0-1

[Event "XXVII Memorial Edoardo Crespi A"]
[Site "Milano ITA"]
[Date "2006.12.07"]
[Round "1"]
[White "Ramondino, Renzo"]
[Black "Bosi, Clint"]
[Result "1-0"]
[WhiteElo "2294"]
[BlackElo "2048"]
[PlyCount "103"]
[EventDate "2006.12.07"]

1. e4 c5 2. Nf3 Nc6 3. d4 cxd4 4. Nxd4 e5 5. Nb5 d6 6. c4 Be7 7. b3 a6 8. N5c3
f5 9. exf5 Bxf5 10. Bd3 Bxd3 11. Qxd3 Nb4 12. Qe2 Nf6 13. O-O O-O 14. Ne4 Nxe4
15. Qxe4 Qc7 16. Nc3 Rad8 17. Nd5 Nxd5 18. Qxd5+ Rf7 19. Be3 Qc6 20. Rad1 Qxd5
21. Rxd5 Rc8 22. Rfd1 h6 23. Kf1 Rf6 24. Ke2 Kf7 25. Kd3 Ke6 26. Ke4 Rc6 27. f4
exf4 28. Bxf4 Rc5 29. Rxc5 dxc5 30. Rd5 Rf8 31. Be3 b6 32. Re5+ Kd7 33. Rf5 Bf6
34. Bf4 Kc6 35. Rd5 Re8+ 36. Kf5 b5 37. g4 Re2 38. Rd6+ Kb7 39. Rd2 Rxd2 40.
Bxd2 Bd4 41. Bf4 Kc6 42. Ke6 a5 43. a4 b4 44. h4 Bc3 45. h5 Bd4 46. Bd6 Bf6 47.
Bf8 Bd4 48. Kf7 Kd7 49. Bxg7 Be3 50. Bf6 Bd4 51. g5 hxg5 52. h6 1-0

[Event "XXVII Memorial Edoardo Crespi A"]
[Site "Milano ITA"]
[Date "2006.12.07"]
[Round "1"]
[White "Ranfagni, Stefano"]
[Black "Ferretti, Folco"]
[Result "1/2-1/2"]
[WhiteElo "2037"]
[BlackElo "2291"]
[PlyCount "82"]
[EventDate "2006.12.07"]

1. e4 c6 2. c4 d5 3. cxd5 cxd5 4. exd5 Nf6 5. Nc3 Nxd5 6. d4 g6 7. Nf3 Bg7 8.
Bc4 Nb6 9. Bb3 O-O 10. O-O Bg4 11. h3 Bxf3 12. Qxf3 Nc6 13. d5 Nd4 14. Qd1 Nxb3
15. Qxb3 Qd7 16. Rd1 Rfd8 17. Be3 Nc8 18. Rac1 Nd6 19. Na4 b6 20. Nc3 Rac8 21.
Bf4 Qf5 22. Bg3 Bh6 23. Ra1 Nc4 24. Rd4 Ne3 25. Ra4 Nxd5 26. Nxd5 Rxd5 27. Rxa7
Rb5 28. Qa3 e6 29. Rd1 Rd5 30. Rxd5 exd5 31. Ra8 Bf8 32. Rxc8 Qxc8 33. Qd3 Qe6
34. b3 Bc5 35. Kf1 h5 36. Qe2 Qf5 37. f3 Kh7 38. Bf2 Qb1+ 39. Be1 Bb4 40. Qe8
Bxe1 41. Qxf7+ Kh8 1/2-1/2

[Event "XXVII Memorial Edoardo Crespi A"]
[Site "Milano ITA"]
[Date "2006.12.07"]
[Round "1"]
[White "Rossi, Giampiero"]
[Black "Locatelli, Andrea"]
[Result "1/2-1/2"]
[WhiteElo "1976"]
[BlackElo "2138"]
[PlyCount "94"]
[EventDate "2006.12.07"]

1. d4 Nf6 2. c4 e6 3. Nc3 Bb4 4. Qc2 c5 5. dxc5 O-O 6. Nf3 Na6 7. Bd2 Nxc5 8.
e3 b6 9. Be2 Bb7 10. O-O Bxc3 11. Bxc3 Nfe4 12. Rfd1 Nxc3 13. Qxc3 Ne4 14. Qd4
d6 15. Nd2 Nxd2 16. Rxd2 Qg5 17. Qg4 Qxg4 18. Bxg4 Rac8 19. b3 d5 20. Bf3 Rc7
21. cxd5 Bxd5 22. Bxd5 exd5 23. g4 Rd8 24. Rad1 Rcd7 25. Rd4 Kf8 26. e4 Ke7 27.
exd5 g5 28. Kg2 Kd6 29. Kf3 Ke5 30. d6 Rxd6 31. Rxd6 Rxd6 32. Rxd6 Kxd6 33. Ke4
Ke6 34. a3 b5 35. a4 bxa4 36. bxa4 a5 37. h3 h6 38. f3 f6 39. f4 f5+ 40. gxf5+
Kf6 41. fxg5+ hxg5 42. Kf3 Kxf5 43. Kg3 Kf6 44. Kg4 Kg6 45. Kf3 Kf5 46. Ke3 Ke5
47. Kf3 Kf5 1/2-1/2

[Event "XXVII Memorial Edoardo Crespi A"]
[Site "Milano ITA"]
[Date "2006.12.07"]
[Round "1"]
[White "Salvador, Roland"]
[Black "Giancotti, Eraldo"]
[Result "1-0"]
[WhiteElo "2455"]
[BlackElo "2058"]
[PlyCount "53"]
[EventDate "2006.12.07"]

1. d4 Nf6 2. Nf3 g6 3. Nc3 c5 4. d5 Bg7 5. e4 d6 6. Bb5+ Nbd7 7. a4 O-O 8. O-O
b6 9. a5 bxa5 10. Qe2 Rb8 11. h3 Ne8 12. Ra2 Qb6 13. Bc4 Nc7 14. Bg5 Re8 15.
Rfa1 a6 16. Nd1 e6 17. dxe6 Nxe6 18. Bd2 Nd4 19. Nxd4 Bxd4 20. Ne3 Qd8 21. Ng4
Bb7 22. Nh6+ Kf8 23. Nxf7 Qe7 24. Qf3 Bxe4 25. Bh6+ Bg7 26. Ng5+ Bxf3 27. Nxh7#
1-0

[Event "XXVII Memorial Edoardo Crespi A"]
[Site "Milano ITA"]
[Date "2006.12.07"]
[Round "1"]
[White "Sardo, Gabriele"]
[Black "D'Apa, Matteo"]
[Result "1-0"]
[WhiteElo "2258"]
[BlackElo "2026"]
[PlyCount "63"]
[EventDate "2006.12.07"]

1. e4 e5 2. Bc4 Bc5 3. Nc3 Nf6 4. d3 d6 5. Nge2 Nc6 6. O-O h6 7. Na4 Bb6 8. a3
O-O 9. Nxb6 axb6 10. f4 Be6 11. Bb5 Bg4 12. Bxc6 bxc6 13. h3 Bxe2 14. Qxe2 Qe7
15. fxe5 Qxe5 16. Rf5 Qd4+ 17. Kh1 Ra5 18. c3 Qa4 19. Rxf6 gxf6 20. Bxh6 Rg5
21. Bxg5 fxg5 22. Qh5 Qb5 23. Rf1 f6 24. Qg6+ Kh8 25. Rxf6 Rxf6 26. Qxf6+ Kg8
27. Qd8+ Kg7 28. Qxc7+ Kg8 29. Qxd6 Qxb2 30. c4 Kg7 31. Kh2 Qf2 32. Qg3 1-0